000 01410cam a2200133 4500500
005 20260405085451.0
041 _afre
042 _adc
100 1 0 _aBardyn, Christophe
_eauthor
245 0 0 _aPhilosopher avec les oeuvres littéraires
260 _bArmand Colin,
_c2016.
520 _aLes grandes œuvres littéraires offrent une porte d’entrée passionnante pour toutes les problématiques principales de la philosophie. Quand il s’agit des classiques, les textes littéraires ne doivent pas être considérés comme de simples supports, prétextes finalement vite oubliés avant de passer aux débats d’idées. Plus souvent qu’on ne l’imagine, une œuvre littéraire a posé un concept, voire défini une problématique, bien avant qu’un philosophe ne s’en empare et ne les travaille sur un plan logique. En suivant le fil directeur du programme de philosophie des classes de terminale, ce manuel offre aux étudiants et aux enseignants de littérature, de philosophie, mais aussi d’histoire, une véritable initiation au fondement de la culture générale, socle commun de la formation du citoyen par l’école – où l’on apprendra, par exemple, en quoi Don Quichotte annonce Descartes, ou comment comprendre Rousseau avec Robinson Crusoé.
856 4 1 _uhttps://shs.cairn.info/philosopher-avec-les-oeuvres-litteraires--9782200611866?lang=fr&redirect-ssocas=7080
999 _c2197807
_d2197807